| 000 | 00000nam##2200000za#4500 |
| 001 | 9.587682 |
| 003 | CaOODSP |
| 005 | 20210624194742 |
| 007 | cr ||||||||||| |
| 008 | 150406|2007||||xxc|||||o f|0| 0 fre|d |
| 022 | |a1701-1280 |
| 040 | |aCaOODSP|bfre |
| 041 | |aeng |
| 041 | |afre |
| 043 | |an-cn--- |
| 086 | 1 |aFs70-4/2007-007-PDF |
| 110 | 1 |aCanada. |bMinistère des pêches et des océans. |
| 245 | 10|aÉlaboration d'objectifs de conservation pour la gestion intégrée dans l'estuaire et le golfe du Saint-Laurent (GIGSL) : |h[ressource électronique]|bdu 27 février au 1er mars 2007, Montréal, Qc / |cMichel Gilbert, président ; Pierre Béland, animateur ; Chris Morry, rédacteur. |
| 260 | |aOttawa - Ontario : |bPêches et Océans Canada |cJuin 2007. |
| 300 | |a98p.|bcarte en couleur, références, tableaux |
| 490 | 1 |aSecrétariat canadien de consultation scientifique, série des comptes rendus|x1701-1280|v2007/007 |
| 590 | |a11-31-Supp|b2011-12-13 |
| 720 | 1 |aGilbert, Michel |
| 720 | 1 |aMorry, Chris |
| 720 | 1 |aBéland, Pierre |
| 791 | |tDevelopment of conservation objectives for integrated management in the Estuary and Gulf of St. Lawrence (GOSLIM) : |eeng|w(CaOODSP)9.587681 |
| 830 | #0|aCompte rendu (Secrétariat canadien de consultation scientifique)|x1701-1280|v2007/007|w(CaOODSP)9.500508 |
| 856 | 40|ahttp://publications.gc.ca|qPDF|s624 Ko|uhttps://publications.gc.ca/collections/collection_2011/mpo-dfo/Fs70-4-2007-007.pdf|y2007/007 |